|
|
|
|
| LEADER |
00000cam a2200000 c 4500 |
| 001 |
1167564014 |
| 003 |
DE-627 |
| 005 |
20240503193754.0 |
| 007 |
tu |
| 008 |
020304s2001 xx ||||| m 00| ||ger c |
| 035 |
|
|
|a (DE-627)1167564014
|
| 035 |
|
|
|a (DE-576)09756401X
|
| 035 |
|
|
|a (DE-599)BSZ09756401X
|
| 035 |
|
|
|a (OCoLC)1422069931
|
| 035 |
|
|
|a (OCoLC)313957113
|
| 040 |
|
|
|a DE-627
|b ger
|c DE-627
|e rakwb
|
| 041 |
|
|
|a ger
|
| 084 |
|
|
|a 30
|2 sdnb
|
| 100 |
1 |
|
|a Muck, Dietmar Harald
|0 (DE-588)131944699X
|0 (DE-627)1880834804
|4 aut
|
| 245 |
1 |
0 |
|a Untersuchung der Herstellungsbedingungen von durch Gasphasenabscheidung hergestellten Platinnanocluster und die chemische Modifizierung von Polymeroberflächen
|c [vorgelegt von Dietmar Harald Muck]
|
| 264 |
|
1 |
|c 2001
|
| 300 |
|
|
|a 197 S.
|b Ill., graph. Darst.
|
| 336 |
|
|
|a Text
|b txt
|2 rdacontent
|
| 337 |
|
|
|a ohne Hilfsmittel zu benutzen
|b n
|2 rdamedia
|
| 338 |
|
|
|a Band
|b nc
|2 rdacarrier
|
| 502 |
|
|
|a Heidelberg, Univ., Diss., 2001
|
| 583 |
1 |
|
|a Archivierung prüfen
|c 20210904
|f DE-640
|z 1
|2 pdager
|
| 583 |
1 |
|
|a Archivierung/Langzeitarchivierung gewährleistet
|f DISS
|x XA-DE-BW
|2 pdager
|5 DE-16
|
| 655 |
|
7 |
|a Hochschulschrift
|0 (DE-588)4113937-9
|0 (DE-627)105825778
|0 (DE-576)209480580
|2 gnd-content
|
| 751 |
|
|
|a Heidelberg
|0 (DE-588)4023996-2
|0 (DE-627)106300814
|0 (DE-576)208952578
|4 uvp
|
| 776 |
0 |
8 |
|i Erscheint auch als
|n Online-Ausgabe
|a Muck, Dietmar Harald
|t Untersuchung der Herstellungsbedingungen von durch Gasphasenabscheidung hergestellten Platinnanocluster und die chemische Modifizierung von Polymeroberflächen
|d 2001
|h Online-Ressource
|w (DE-627)1643256602
|w (DE-576)096805161
|
| 951 |
|
|
|a BO
|
| 992 |
|
|
|a 20240215
|
| 993 |
|
|
|a Thesis
|
| 998 |
|
|
|g 131944699X
|a Muck, Dietmar Harald
|m 131944699X:Muck, Dietmar Harald
|d 120000
|e 120000PM131944699X
|k 0/120000/
|p 1
|x j
|y j
|
| 999 |
|
|
|a KXP-PPN1167564014
|e 448463354X
|
| BIB |
|
|
|a Y
|
| JSO |
|
|
|a {"language":["ger"],"recId":"1167564014","physDesc":[{"extent":"197 S.","noteIll":"Ill., graph. Darst."}],"type":{"bibl":"thesis"},"id":{"eki":["1167564014"]},"origin":[{"dateIssuedDisp":"2001","dateIssuedKey":"2001"}],"title":[{"title_sort":"Untersuchung der Herstellungsbedingungen von durch Gasphasenabscheidung hergestellten Platinnanocluster und die chemische Modifizierung von Polymeroberflächen","title":"Untersuchung der Herstellungsbedingungen von durch Gasphasenabscheidung hergestellten Platinnanocluster und die chemische Modifizierung von Polymeroberflächen"}],"noteThesis":["Heidelberg, Univ., Diss., 2001"],"person":[{"role":"aut","display":"Muck, Dietmar Harald","given":"Dietmar Harald","family":"Muck"}],"name":{"displayForm":["[vorgelegt von Dietmar Harald Muck]"]}}
|
| SRT |
|
|
|a MUCKDIETMAUNTERSUCHU2001
|